Eye-Numbing Numbers Quiz Stats

 Plays Quiz Updated Sep 6, 2012

Support Sporcle.
Go Orange.
Score 0/210 Timer 05:00
189 Plays Today
% Correct
???
99.9%
???
94.8%
???
92.6%
???
87.6%
???
87.4%
???
86.6%
???
83.8%
???
83.8%
???
83.8%
???
83.4%
???
81.3%
???
81.2%
???
81.2%
???
81.1%
???
80.3%
???
76.7%
???
76.7%
???
76.6%
???
76.6%
???
76.5%
???
75.7%
???
72.8%
???
72.8%
???
72.8%
???
72.8%
???
72.7%
???
72.7%
???
72.3%
???
70.6%
???
70.6%
???
70.5%
???
70.5%
???
70.5%
???
70.5%
???
70.4%
???
69.5%
???
66.3%
???
66.3%
???
66.3%
???
66.2%
???
66.2%
???
66.2%
???
66.1%
???
66%
???
65.3%
???
62%
???
61.9%
???
61.9%
???
61.9%
???
61.8%
???
61.8%
???
61.7%
???
61.6%
???
61.4%
???
60.3%
???
55.4%
???
55.4%
???
55.3%
???
55.3%
???
55.3%
???
55.2%
???
55.2%
???
55.1%
???
55.1%
???
55%
???
54.5%
???
51.1%
???
51%
???
51%
???
50.9%
% Correct
???
50.8%
???
50.7%
???
50.7%
???
50.6%
???
50.5%
???
50.4%
???
50.2%
???
49.3%
???
43.6%
???
43.6%
???
43.5%
???
43.5%
???
43.4%
???
43.3%
???
43.2%
???
43.2%
???
43.1%
???
43%
???
42.8%
???
42.6%
???
41.8%
???
36.2%
???
36.1%
???
36.1%
???
36%
???
36%
???
35.9%
???
35.8%
???
35.8%
???
35.7%
???
35.6%
???
35.6%
???
35.5%
???
35.4%
???
34.9%
???
30.3%
???
30.3%
???
30.2%
???
30.1%
???
30.1%
???
30%
???
30%
???
29.9%
???
29.8%
???
29.8%
???
29.7%
???
29.6%
???
29.5%
???
29.4%
???
28.9%
???
23.3%
???
23.2%
???
23.2%
???
23.1%
???
23.1%
???
23%
???
23%
???
22.9%
???
22.9%
???
22.8%
???
22.7%
???
22.7%
???
22.6%
???
22.5%
???
22.3%
???
21.9%
???
17%
???
16.9%
???
16.9%
???
16.9%
% Correct
???
16.8%
???
16.8%
???
16.8%
???
16.7%
???
16.7%
???
16.7%
???
16.6%
???
16.6%
???
16.6%
???
16.6%
???
16.5%
???
16.5%
???
16.3%
???
13.3%
???
13.3%
???
13.2%
???
13.2%
???
13.2%
???
13.2%
???
13.1%
???
13.1%
???
13.1%
???
13%
???
13%
???
13%
???
12.9%
???
12.9%
???
12.9%
???
12.8%
???
12.8%
???
12.6%
???
9.5%
???
9.5%
???
9.4%
???
9.4%
???
9.4%
???
9.4%
???
9.4%
???
9.3%
???
9.3%
???
9.3%
???
9.3%
???
9.3%
???
9.2%
???
9.2%
???
9.2%
???
9.2%
???
9.2%
???
9.1%
???
9%
???
6.9%
???
6.9%
???
6.9%
???
6.9%
???
6.9%
???
6.9%
???
6.8%
???
6.8%
???
6.8%
???
6.8%
???
6.8%
???
6.8%
???
6.8%
???
6.7%
???
6.7%
???
6.7%
???
6.7%
???
6.7%
???
6.7%
???
6.7%

From the Vault

Criteria 'U' Cities

by BoggelTeam

U should make sure to visit these cities.
Remove Ads.
Support Sporcle.
Get the best of Sporcle when you Go Orange. This ad-free experience offers more features, more stats, and more fun while also helping to support Sporcle. Thank you for becoming a member.

Show Comments

Extras

Top Quizzes Today


Score Distribution

Your Account Isn't Verified!

In order to create a playlist on Sporcle, you need to verify the email address you used during registration. Go to your Sporcle Settings to finish the process.

Report this User

Report this user for behavior that violates our Community Guidelines.

Details: